000 00821nas a2200253 4500
001 BR0801404
003 BR-BrBNA
005 20231205111657.0
007 ta
008 230509b bl.|||p| |||| 00| 00por d
040 _aBR-BrBNA
_bpor
_cBiblioteca Nacional de Agricultura
041 _a(Pt)
072 _aL20
100 1 _aSantos, A.L.F.
100 1 _aRieger, P.J.
245 1 _aPanopeus bermudensis Benedict Rathbum, novo registro de Brachyura (Decapoda, Xanthidae)para o litoral do Rio Grande do Sul, Brasil
650 _aCRUSTÁCEO
650 _aECOLOGIA ANIMAL
650 _aLITORAL
650 _aRIO GRANDE DO SUL
773 0 _tRevista Brasileira de Zoologia (Brazil)
_xISSN 0101-8175
_g(Sep 2001), v. 18(3) p. 1039-1040
_wBR0801404
909 _a202311
_bLúcia
_c55
_dLúcia Elande
942 _2AGRIS
_n0
_cANA
999 _c193905
_d193905